00618 2200229 4500001002100000005001700021008004100038020002200079035002500101040001200126082000800138084001800146100001600164245006200180250001100242260003300253300002600286500002800312650001400340850001200354990002200366INLIS00000000001695320160201104122.0  a978-602-7869-03-5 a0010-021600000000041 aYOPDYOG a658 aDEP 658 Her C aHERY, 1975- aCara cepat dan mudah memahami Pengantar manajemenc/ Hery aCet. 1 aYogyakartabGava Mediac2013 aviii, 136 hlm. 23 cm. aBibliografi : hlm. 133. aManajemen aYOPDYOG aCB-D.11/2013-1540